| 000 | 00770cam a22002415a 4500 | ||
|---|---|---|---|
| 001 | 015571686 | ||
| 003 | OSt | ||
| 005 | 20180102151004.0 | ||
| 008 | 100602s2011 nyua frb 001 0 eng d | ||
| 020 | _a9780071289511 | ||
| 020 | _a0071289518 | ||
| 040 |
_aStDuBDS _beng _cStDuBDS _dUk _dEG-ScBUE |
||
| 082 | 0 | 4 |
_a624 _222 _bCON |
| 245 | 0 | 0 |
_aConstruction planning, equipment and methods / _cRobert L. Peurifoy ... [et al.] |
| 250 | _a8th ed., International ed. | ||
| 260 |
_aNew York : _bMcGraw-Hill, _c2011. |
||
| 300 |
_axv, 800 p. : _bill. ; _c23 cm. |
||
| 504 | _aIncludes bibliographical references and index. | ||
| 650 | 7 |
_aBuilding. _2BUEsh _937769 |
|
| 653 |
_bGGEN _cJanuary2018 |
||
| 700 | 1 |
_aPeurifoy, R. L. _q(Robert Leroy), _d1902-1995. _925464 |
|
| 942 | _2ddc | ||
| 999 |
_c25845 _d25817 |
||